Pokémon by Picture: Generation VIII - Statistics

General Stats
  • This quiz has been taken 2,661 times
  • The average score is 60 of 96
Answer Stats
Picture Answer % Correct
Grookey
89%
Scorbunny
88%
Sobble
85%
Cinderace
82%
Rillaboom
82%
Corviknight
80%
Inteleon
79%
Wooloo
79%
Applin
78%
Sirfetch'd
77%
Raboot
74%
Mr. Rime
73%
Snom
73%
Zacian
73%
Yamper
72%
Eternatus
71%
Rookidee
71%
Sinistea
71%
Zamazenta
71%
Skwovet
69%
Thwackey
69%
Greedent
68%
Morpeko
68%
Regidrago
68%
Toxtricity
68%
Alcremie
67%
Chewtle
67%
Corvisquire
67%
Obstagoon
67%
Regieleki
67%
Toxel
67%
Ursaluna
67%
Appletun
66%
Boltund
66%
Drednaw
66%
Dreepy
66%
Falinks
66%
Flapple
66%
Impidimp
65%
Nickit
65%
Sandaconda
65%
Dragapult
64%
Dubwool
64%
Urshifu
64%
Grimmsnarl
63%
Centiskorch
62%
Eiscue
62%
Frosmoth
62%
Orbeetle
62%
Perrserker
62%
Thievul
62%
Cursola
61%
Cramorant
60%
Drizzile
60%
Hatterene
60%
Kubfu
60%
Milcery
60%
Polteageist
60%
Blipbug
59%
Dracovish
59%
Indeedee
59%
Rolycoly
59%
Sneasler
59%
Coalossal
58%
Barraskewda
57%
Eldegoss
57%
Hatenna
57%
Kleavor
57%
Sizzlipede
57%
Stonjourner
57%
Copperajah
56%
Duraludon
56%
Cufant
55%
Basculegion
54%
Calyrex
54%
Dottler
54%
Enamorus
54%
Gossifleur
54%
Silicobra
54%
Zarude
54%
Grapploct
53%
Pincurchin
53%
Runerigus
53%
Clobbopus
52%
Dracozolt
52%
Wyrdeer
52%
Arctovish
51%
Hattrem
51%
Overqwil
51%
Arctozolt
50%
Arrokuda
50%
Morgrem
50%
Carkol
49%
Spectrier
48%
Drakloak
46%
Glastrier
46%
No matching quizzes found
Score Distribution
Percent of People with Each Score
Percentile by Number Answered
Your Score History
You have not taken this quiz